Paroles : Oui ou non - Statistiques

Statistiques générales
  • Ce quiz a été pris 345 fois
  • Le résultat moyen est 186 sur 338
Statistiques - réponses
Paroles % Correct
non)
95%
non
95%
ou
94%
oui
86%
ce
82%
ces
80%
Ma
79%
de
77%
c'est
76%
tu
76%
à
75%
je
75%
bien
73%
la
73%
me
71%
le
69%
Pas
65%
pas
65%
et
64%
une
63%
est
61%
ça
60%
te
60%
voulais
58%
hier
55%
journée
54%
des
53%
en
52%
moi
52%
passée
52%
j'ai
51%
vitesses
51%
qu'à
50%
marcher
48%
que
48%
qui
48%
demain
47%
au
46%
mais
46%
n'a
46%
plus
46%
dehors
45%
mis
44%
(quoi?)
44%
quoi
44%
ah
42%
encore
42%
lavée
42%
nez
41%
quand
41%
comment
40%
dis
40%
m'feras
39%
tes
39%
veux
39%
regarde
38%
souris
38%
batterie
37%
j'te
37%
n'arrive
37%
t'oublier
37%
devoir
36%
dire
36%
pourquoi
36%
recharger
36%
j'vais
35%
(oh
35%
on
35%
faible
34%
vouloir
34%
donne
33%
faire
33%
m'aimer
33%
ris
33%
tort
32%
trop
32%
savoir
31%
stories
31%
t'en
31%
dédiées
30%
fort
30%
nuit
28%
celle
27%
ils
27%
j'souris
27%
j'voulais
27%
même
27%
peut-être
27%
rêves
27%
seule
27%
temps
27%
toi
27%
faux
24%
j'étais
24%
j'sais
24%
puis
24%
qu'une
24%
soirée
24%
suis
24%
autres?
23%
duré
23%
était
23%
faut
23%
liés
23%
marier
23%
bref
21%
express
21%
fut
21%
nuits
21%
t'as
21%
t'étais
21%
ceux
20%
'j'aime"
20%
m'embrasses
20%
mens
20%
pris
20%
rester
20%
romantisme
20%
genre
19%
belle
18%
comptent
18%
jusqu'à
18%
m'laisses
18%
eux
17%
l'aube?
17%
d'venir
16%
j'me
16%
mensonges
16%
moi-même
16%
c'que
15%
croyant
15%
finalement
15%
comblait
14%
m'aiment
14%
m'racontes?
13%
m'écris
10%
nondemain
3%
détete
1%
Aucun quiz correspondant
Distribution des résultats
% des personnes avec chaque résultat
Percentile par nombre de réponses
Votre historique - résultats
Vous n’avez pas pris ce quiz